000 00533cab a2200217 4500
001 A220
008 090401t1983 xxu||||| |||| 00| 0 eng d
035 _a(Sirsi) u27862
041 _aeng
100 _aHoyes, T
245 _aDevelopment land tax: the bases of value
260 _c1983
350 _a0
490 _aJournal of Valuation
_v1(2) 1983, 153-159(7)
650 _aDEVELOPMENT LAND TAX
650 _aValuation
_96273
690 _aRATING AND VALUATION
690 _aTAXATION
942 _n0
948 _c04/03/1997
999 _c18778
_d18778